000 00844nam2a2200241 4500
001 rc\2881293
005 20260315070930.0
035 _a(NLR Aleph) 007204543
090 _a13628813
_c13628813
100 _a20110720d1927 u y0rusy50 ca
101 0 _arus
102 _aRU
105 _ay z |||||
200 1 _aРабота с аппаратами Пате
210 _d1927
215 _a153 с.
461 0 _1001rc\2881292
_12001#$aКино-механик$eПрактическое руководство. Вып. 3-$vВып. 4
_97649452
_cМосква
_d1928
_nТеакинопечать
_oПрактическое руководство. Вып. 3-
_tКино-механик
_vВып. 4
700 1 _aКосматов
_bЛ.
801 0 _aRU
_bNLR
_gpsbo
801 1 _aRU
_bELAR
_2rusmarc
852 _aNLR
_j49/1095
942 _cUNSPEC
980 _aNB